000 01047nam a2200325 i 4500
003 EG-GICUC
005 20260121141137.0
008 260121s1999 fr ||||fr ||| 00| 0 fre d
020 _a2247036724
040 _aEG-GICUC
_cEG-GICUC
_dEG-GICUC
_erda
_bfre
041 0 _afre
082 0 4 _221
_a341.3
_bBA . R
092 0 4 _221
099 _aLaw1 11 341.3 BA . R 1999
100 1 _aBadie,Bertrand
_eAuteur
245 1 2 _aLe Retournement Du Monde :
_bSociologie De La Scène Internationale /
_cBertrand Badie .
250 _a3e Édition Revue Et Mise À Jour
264 0 _aParis :
_bPresses De Sciences Po Et Dalloz ,
_c1970 .
300 _a239 Pages;
_c30 cm.
336 _atext
_2rda content
337 _aComputer
_2rda media
338 _aOnline Resource
_2rda carrier
546 _aTexte en français
650 0 4 _aDroit international public
650 0 4 _arelations internationales
700 1 _aSmouts,Marie-Claude
_eAuteur
856 _uhttps://fll.law.cu.edu.eg/fulltext/th/B11-06632.pdf
905 _a59
942 _2ddc
_cBK
_e21
_n0
999 _c58444
_d58444